Guess the African Country - Statistics

General Stats
  • This quiz has been taken 72 times
  • The average score is 6 of 10
Answer Stats
Hint Country % Correct
I am the most populated country Nigeria
93%
I am completely surrounded by another country Lesotho
91%
I am the country with the most tourism Morocco
78%
My capital is named after a United States president Liberia
74%
I am home to Timbuktu Mali
74%
I am the oldest independent country Ethiopia
67%
I am the smallest country Seychelles
65%
I am the most biodiverse country South Africa
59%
I have the highest Body Mass Index Egypt
28%
I have the highest suicide rate Côte d'Ivoire
13%
No matching quizzes found
Score Distribution
Percent of People with Each Score
Percentile by Number Answered
Your Score History
You have not taken this quiz